| 000 | 00782nam a2200277Ia 4500 | ||
|---|---|---|---|
| 999 |
_c5857 _d5857 |
||
| 001 | 9333474 | ||
| 003 | OSt | ||
| 005 | 20190110124253.0 | ||
| 008 | 830906s1982 nyu b 001 0 eng d | ||
| 020 |
_a0671457012 _c(pbk.) |
||
| 020 | _a067143148X | ||
| 035 | _a0369-91560 | ||
| 040 | _cDLC | ||
| 082 |
_a973.92 _bH313A |
||
| 090 |
_aHN59 _b.H27 1982x |
||
| 100 | 1 |
_aHarris, Marvin, _d1927-2001 |
|
| 245 | 1 | 0 |
_aAmerica now : _bthe anthropology of a changing culture / _cMarvin Harris |
| 250 | _a1st Touchstone ed | ||
| 260 |
_aNew York : _bSimon and Schuster, _c1982 |
||
| 300 |
_a208 p. ; _c23 cm |
||
| 500 | _a"A Touchstone book." | ||
| 500 | _aIncludes index | ||
| 504 | _aBibliography: p. 190-198 | ||
| 651 | 0 |
_aUnited States _xSocial conditions _y1970- |
|
| 942 |
_2ddc _cBK |
||